| Tag |
First Indicator |
Second Indicator |
Subfields |
| LEADER |
00000cam a22000004a 4500 |
| 001 |
in00003294621 |
| 005 |
20190405174504.0 |
| 006 |
m d |
| 007 |
cr |||||||nn|n |
| 008 |
100112s2010 nyu o d eng d |
| 010 |
|
|
|z 2009054442
|
| 020 |
|
|
|a 9781438432434
|
| 020 |
|
|
|a 1438432437
|
| 020 |
|
|
|z 9781438432410 (hardcover : alk. paper)
|
| 020 |
|
|
|z 1438432410 (hardcover : alk. paper)
|
| 035 |
|
|
|a (MdBmJHUP)muse9781438432434
|
| 040 |
|
|
|a MdBmJHUP
|c MdBmJHUP
|d UtOrBLW
|
| 043 |
|
|
|a e-uk-en
|
| 050 |
0 |
0 |
|a PR3007
|b .B38 2010
|
| 082 |
0 |
0 |
|a 822.3/3
|2 22
|
| 100 |
1 |
|
|a Bates, Jennifer Ann,
|d 1964-
|
| 245 |
1 |
0 |
|a Hegel and Shakespeare on moral imagination /
|c Jennifer Ann Bates.
|
| 264 |
|
1 |
|a Albany :
|b State University of New York Press,
|c [2010]
|
| 264 |
|
4 |
|c ©2010
|
| 300 |
|
|
|a 1 online resource (xxiv, 378 pages )
|
| 336 |
|
|
|a text
|b txt
|2 rdacontent
|
| 337 |
|
|
|a computer
|b c
|2 rdamedia
|
| 338 |
|
|
|a online resource
|b cr
|2 rdacarrier
|
| 504 |
|
|
|a Includes bibliographical references and index.
|
| 505 |
0 |
|
|a A Hegelian reading of good and bad luck in Shakespearean drama (phen. of spirit, King Lear, Othello, Hamlet, a Midsummer night's dream) -- Tearing the fabric: Hegel's Antigone, Shakespeare's Coriolanus, and kinship-state conflict (phen. of spirit c. 6, Judith Butler's Antigone, Coriolanus) -- Aufhebung and anti-aufhebung: geist and ghosts in Hamlet (phen. of spirit, Hamlet) -- The problem of genius in King Lear: Hegel on the feeling soul and the tragedy of wonder (anthropology and psychology in the encyclopaedia, Philosophy of mind, King Lear) -- Richard II's mirror and the alienation of the Universal Will (of the I that is a We) (Richard II, phen. of spirit c. 5) -- Falstaff and the politics of wit: negative infinite judgment in a culture of alienation (Henry IV parts I & II, phen. of spirit c. 6, philosophy of right) -- Henry V's unchangeableness: his rejection of wit and his posture of virtue reinterpreted in the light of Hegel's theory of virtue (philosophy of right, Henry V) -- Hegel's theory of crime and evil: (re)tracing the rights of the sovereign self (aesthetics, phen. of spirit, phil. of right, Richard II through to Henry V) -- Richard III, Hamlet, Macbeth and Henry V: conscience, hypocrisy, self-deceit and the tragedy of ethical life (phil. of right, Richard III, Hamlet, Macbeth, Henry V) -- Negation of the negative infinite judgment versus sublation of it: punishment vs. pardon (phil. of right, phen. of spirit c. 6 and Henry VIII) -- Universal wit : the absolute theater of identity (phen. of spirit c. 6 and 8, Pericles, the Tempest) -- Absolute infections and their cure (phen. of spirit c. 6, the Winter's tale).
|
| 588 |
|
|
|a Description based on print version record.
|
| 500 |
|
|
|a Electronic resource.
|
| 600 |
1 |
0 |
|a Hegel, Georg Wilhelm Friedrich,
|d 1770-1831
|x Criticism and interpretation.
|
| 600 |
1 |
0 |
|a Shakespeare, William,
|d 1564-1616
|x Criticism and interpretation.
|
| 650 |
|
0 |
|a English literature
|x Philosophy.
|
| 650 |
|
0 |
|a Self in literature.
|
| 650 |
|
0 |
|a Fate and fatalism in literature.
|
| 650 |
|
0 |
|a Ethics in literature.
|
| 655 |
|
7 |
|a Electronic books.
|2 local
|
| 856 |
4 |
0 |
|u http://proxy.library.tamu.edu/login?url=http://muse.jhu.edu/books/9781438432434/
|z Connect to the full text of this electronic book
|t 0
|
| 999 |
|
|
|a MARS
|
| 999 |
f |
f |
|s ccebdb9f-2a99-3db5-b991-babaf795f3e3
|i 5066ba68-8207-30c7-946d-352e5a2206b0
|t 0
|
| 952 |
f |
f |
|a Texas A&M University
|b College Station
|c Electronic Resources
|d Available Online
|t 0
|e PR3007 .B38 2010
|h Library of Congress classification
|
| 998 |
f |
f |
|a PR3007 .B38 2010
|t 0
|l Available Online
|